Movies with Chocolate Quiz Stats

 Plays Quiz Updated Aug 19, 2016

Challenge
Share
Tweet
Score 0/24 Timer 08:00
2 Plays Today
% Correct
Forrest Gump
98%
Home Alone 2: Lost in New York
94.6%
Elf
93.3%
Tangled
85.4%
Willy Wonka & the Chocolate Factory
81.6%
The Polar Express
80.1%
Harry Potter and the Sorcerer's Stone
77%
The Santa Clause
76.5%
Big
71.3%
The Goonies
67.3%
Bridget Jones's Diary
67%
Ghostbusters
65.4%
% Correct
Julie & Julia
59.8%
Chocolat
56.8%
My Fair Lady
53.6%
Bridesmaids
53.4%
The Help
51.4%
Matilda
47%
The Sandlot
42.3%
Adventureland
38.1%
Wreck-It Ralph
37.9%
Caddyshack
33.1%
Serendipity
27.9%
It's Complicated
22.3%

You're not logged in!

Compare scores with friends on all Sporcle quizzes.
OR
Log In

You Might Also Like...

Show Comments

Extras

Top Quizzes Today


Score Distribution

Your Account Isn't Verified!

In order to create a playlist on Sporcle, you need to verify the email address you used during registration. Go to your Sporcle Settings to finish the process.

Report this User

Report this user for behavior that violates our Community Guidelines.

Details: